[Event "FICGS class M 000116 email"]
[Site "FICGS email"]
[Date "2023.01.22"]
[Round "1"]
[White "Bussoli, Marco"]
[Black "Aahlad, Yeturu"]
[Result "1/2-1/2"]
[WhiteElo "2238"]
[BlackElo "2247"]
[PlyCount "40"]
[EventDate "2023.??.??"]
[EventType "tourn (corr)"]
[EventRounds "6"]
[SourceTitle "Corr 2024"]
[Source "ChessBase"]
[SourceDate "2023.10.19"]
[SourceVersion "1"]
[SourceVersionDate "2023.10.19"]
[SourceQuality "1"]

1. d4 Nf6 2. c4 e6 3. Nf3 d5 4. Nc3 Bb4 5. Qa4+ Nc6 6. e3 0-0 7. Qc2 Re8 8. Bd2 Bf8 9. a3 e5 10. dxe5 Nxe5 11. cxd5 Nxf3+ 12. gxf3 Nxd5 13. Bd3 Nxc3 14. Bxc3 Qh4 15. 0-0-0 g6 16. Be4 Bg7 17. Qa4 Rf8 18. Bxg7 Kxg7 19. Qd4+ Kg8 20. Bc2 Qxd4 1/2-1/2

[Event "FICGS theme 0251 email"]
[Site "FICGS email"]
[Date "2022.01.30"]
[Round "1"]
[White "Aahlad, Yeturu"]
[Black "Gounant, Stanislas"]
[Result "1/2-1/2"]
[WhiteElo "2210"]
[BlackElo "2188"]
[PlyCount "31"]
[EventDate "2022.??.??"]
[EventType "swiss (corr)"]
[EventRounds "1"]
[SourceTitle "Corr 2024"]
[Source "ChessBase"]
[SourceDate "2023.10.19"]
[SourceVersion "1"]
[SourceVersionDate "2023.10.19"]
[SourceQuality "1"]

1. d4 d5 2. Nf3 Nf6 3. c4 e6 4. Nc3 c6 5. Qd3 dxc4 6. Qxc4 b5 7. Qd3 a6 8. g4 c5 9. g5 c4 10. Qe3 Nd5 11. Nxd5 Qxd5 12. Bg2 Bb4+ 13. Kf1 Bb7 14. h4 Qf5 15. h5 Nd7 16. Qf4 1/2-1/2

[Event "FICGS theme 0251 email"]
[Site "FICGS email"]
[Date "2022.01.30"]
[Round "1"]
[White "Ozen, Bahadir"]
[Black "Aahlad, Yeturu"]
[Result "1/2-1/2"]
[WhiteElo "2369"]
[BlackElo "2210"]
[PlyCount "42"]
[EventDate "2022.??.??"]
[EventType "swiss (corr)"]
[EventRounds "1"]
[SourceTitle "Corr 2024"]
[Source "ChessBase"]
[SourceDate "2023.10.19"]
[SourceVersion "1"]
[SourceVersionDate "2023.10.19"]
[SourceQuality "1"]

1. d4 d5 2. Nf3 Nf6 3. c4 e6 4. Nc3 c6 5. Qd3 dxc4 6. Qxc4 b5 7. Qd3 a6 8. g4 Nxg4 9. Rg1 Nf6 10. Bf4 Bb7 11. e4 g6 12. 0-0-0 Nbd7 13. h4 Qa5 14. Qc2 Be7 15. Ng5 b4 16. Na4 c5 17. d5 exd5 18. exd5 Nxd5 19. Bc4 Nxf4 20. Bxf7+ Kd8 21. Qc4 Qxa4 1/2-1/2

[Event "FICGS theme 0249 email"]
[Site "FICGS email"]
[Date "2021.11.26"]
[Round "1"]
[White "Aahlad, Yeturu"]
[Black "Tedoldi, Guido"]
[Result "1-0"]
[WhiteElo "2210"]
[BlackElo "1608"]
[PlyCount "43"]
[EventDate "2021.??.??"]
[EventType "swiss (corr)"]
[EventRounds "1"]
[SourceTitle "Corr 2024"]
[Source "ChessBase"]
[SourceDate "2023.10.19"]
[SourceVersion "1"]
[SourceVersionDate "2023.10.19"]
[SourceQuality "1"]

1. d4 d5 2. Nf3 Nf6 3. c4 e6 4. Nc3 c6 5. Qd3 dxc4 6. Qxc4 b5 7. Qd3 a6 8. g4 Nxg4 9. Bf4 Bd6 10. Bxd6 Qxd6 11. Rg1 Nxh2 12. Nxh2 Qxh2 13. Rxg7 Nd7 14. Qf3 Rf8 15. Qxc6 Rb8 16. Ne4 Ke7 17. Rg3 Bb7 18. Qd6+ Kd8 19. Nf6 Bc8 20. Nxd7 Bxd7 21. Qxf8+ Kc7 22. Rc1+ 1-0

[Event "FICGS theme 0249 email"]
[Site "FICGS email"]
[Date "2021.11.26"]
[Round "1"]
[White "Aahlad, Yeturu"]
[Black "Wiaderek, Piotr"]
[Result "1-0"]
[WhiteElo "2210"]
[BlackElo "2191"]
[PlyCount "57"]
[EventDate "2021.??.??"]
[EventType "swiss (corr)"]
[EventRounds "1"]
[SourceTitle "Corr 2024"]
[Source "ChessBase"]
[SourceDate "2023.10.19"]
[SourceVersion "1"]
[SourceVersionDate "2023.10.19"]
[SourceQuality "1"]

1. d4 d5 2. Nf3 Nf6 3. c4 e6 4. Nc3 c6 5. Qd3 dxc4 6. Qxc4 b5 7. Qd3 a6 8. g4 Nxg4 9. Bf4 Nd7 10. Rg1 Ngf6 11. 0-0-0 Bb7 12. e4 g6 13. Kb1 b4 14. Na4 Be7 15. Bh6 c5 16. d5 Qa5 17. Qb3 0-0-0 18. Nd2 exd5 19. exd5 Bxd5 20. Nc4 Qc7 21. Bh3 Kb8 22. Qe3 Be4+ 23. Ka1 Qc6 24. Rge1 Qxa4 25. Qf4+ Ka7 26. Qc7+ Bb7 27. Na5 Rb8 28. Rxd7 Nxd7 29. Bxd7 1-0

[Event "FICGS W-ch st2 g02 email"]
[Site "FICGS email"]
[Date "2021.07.13"]
[Round "1"]
[White "Aahlad, Yeturu"]
[Black "Fric, Lubos"]
[Result "1/2-1/2"]
[WhiteElo "2201"]
[BlackElo "2320"]
[PlyCount "43"]
[EventDate "2021.??.??"]
[EventType "tourn (corr)"]
[EventRounds "8"]
[SourceTitle "Corr 2024"]
[Source "ChessBase"]
[SourceDate "2023.10.19"]
[SourceVersion "1"]
[SourceVersionDate "2023.10.19"]
[SourceQuality "1"]

1. e4 e5 2. Nf3 d6 3. d4 exd4 4. Nxd4 Nf6 5. Nc3 Be7 6. Bf4 0-0 7. Qd2 Nc6 8. 0-0-0 Nxd4 9. Qxd4 a6 10. e5 dxe5 11. Qxe5 Bd6 12. Qd4 Bxf4+ 13. Qxf4 Qe7 14. Bc4 Be6 15. Bxe6 fxe6 16. Rhe1 Rad8 17. Rxd8 Rxd8 18. Ne4 Rf8 19. f3 h6 20. Qe5 Nxe4 21. Rxe4 Rf6 22. a4 1/2-1/2

[Event "FICGS W-ch st1 gN 01 email"]
[Site "FICGS email"]
[Date "2020.11.05"]
[Round "1"]
[White "Aahlad, Yeturu"]
[Black "Gounant, Stanislas"]
[Result "1/2-1/2"]
[WhiteElo "2220"]
[BlackElo "2198"]
[PlyCount "100"]
[EventDate "2020.??.??"]
[EventType "tourn (corr)"]
[EventRounds "6"]
[SourceTitle "Corr 2022"]
[Source "ChessBase"]
[SourceDate "2021.10.24"]
[SourceVersion "1"]
[SourceVersionDate "2021.10.24"]
[SourceQuality "1"]

1. e4 c6 2. d4 d5 3. e5 c5 4. dxc5 e6 5. Nf3 Bxc5 6. a3 Nc6 7. b4 Bb6 8. Bb2 Nge7 9. Bd3 Ng6 10. Nbd2 Qc7 11. Bxg6 fxg6 12. c4 a6 13. 0-0 0-0 14. c5 Ba7 15. Nb3 h6 16. h4 Bd7 17. Qd3 Ne7 18. a4 Nf5 19. Rfc1 Qd8 20. b5 Nxh4 21. Nxh4 Qxh4 22. g3 Qg4 23. Qd4 Qxd4 24. Nxd4 Rac8 25. Ba3 Rf7 26. f4 Bb8 27. c6 bxc6 28. b6 g5 29. Rab1 gxf4 30. b7 Rd8 31. Nxc6 Bxc6 32. Rxc6 Ba7+ 33. Kg2 Rb8 34. gxf4 Rfxb7 35. Rxb7 Rxb7 36. Rxe6 Rb3 37. Bd6 Bd4 38. Re8+ Kf7 39. Rf8+ Kg6 40. e6 Bf6 41. e7 Rb2+ 42. Kf3 Rb3+ 43. Ke2 Rb2+ 44. Kd3 Rb3+ 45. Kc2 Rb2+ 46. Kc1 Bxe7 47. f5+ Kh7 48. Kxb2 Bxf8 49. Bxf8 g6 50. fxg6+ Kxg6 1/2-1/2

[Event "FICGS W-ch st1 gN 01 email"]
[Site "FICGS email"]
[Date "2020.11.05"]
[Round "1"]
[White "Aahlad, Yeturu"]
[Black "Gray, Garvin"]
[Result "1/2-1/2"]
[WhiteElo "2220"]
[BlackElo "2252"]
[PlyCount "23"]
[EventDate "2020.??.??"]
[EventType "tourn (corr)"]
[EventRounds "6"]
[SourceTitle "Corr 2022"]
[Source "ChessBase"]
[SourceDate "2021.10.24"]
[SourceVersion "1"]
[SourceVersionDate "2021.10.24"]
[SourceQuality "1"]

1. e4 c5 2. Nf3 d6 3. d4 cxd4 4. Nxd4 Nf6 5. Nc3 a6 6. Bd3 e5 7. Nde2 Be7 8. Be3 Be6 9. 0-0 Nbd7 10. h3 Nc5 11. Ng3 0-0 12. Be2 1/2-1/2

[Event "FICGS W-ch st2 g03 email"]
[Site "FICGS email"]
[Date "2020.10.07"]
[Round "1"]
[White "Lipsits, Sasha"]
[Black "Aahlad, Yeturu"]
[Result "1-0"]
[WhiteElo "1910"]
[BlackElo "2217"]
[PlyCount "61"]
[EventDate "2020.??.??"]
[EventType "tourn (corr)"]
[EventRounds "8"]
[SourceTitle "Corr 2022"]
[Source "ChessBase"]
[SourceDate "2021.10.24"]
[SourceVersion "1"]
[SourceVersionDate "2021.10.24"]
[SourceQuality "1"]

1. d4 Nf6 2. c4 e6 3. Nf3 d5 4. Nc3 c5 5. cxd5 cxd4 6. Qxd4 exd5 7. e4 Nc6 8. Bb5 dxe4 9. Qxd8+ Kxd8 10. Ng5 Be6 11. Be3 Bb4 12. 0-0 Ke7 13. Ngxe4 Nxe4 14. Nxe4 Rhd8 15. Ba4 Kf8 16. a3 Be7 17. Nc5 Bc8 18. Rfd1 Rxd1+ 19. Rxd1 Ne5 20. Bd4 Nc6 21. Bxc6 bxc6 22. h3 f6 23. Rc1 a5 24. Na4 Be6 25. Be3 Rd8 26. Nb6 Kf7 27. Kf1 Rd6 28. Ke2 Bf5 29. Rc3 h5 30. Bc5 h4 31. Bxd6 1-0

[Event "FICGS theme 0002 email"]
[Site "FICGS email"]
[Date "2020.03.02"]
[Round "1"]
[White "Aahlad, Yeturu"]
[Black "Kruse, Herbert"]
[Result "1-0"]
[WhiteElo "2220"]
[BlackElo "2627"]
[PlyCount "29"]
[EventDate "2020.??.??"]
[EventType "swiss (corr)"]
[EventRounds "1"]
[SourceTitle "Corr 2022"]
[Source "ChessBase"]
[SourceDate "2021.10.24"]
[SourceVersion "1"]
[SourceVersionDate "2021.10.24"]
[SourceQuality "1"]

1. c4 Nf6 2. Nc3 c5 3. g3 d5 4. cxd5 Nxd5 5. Bg2 Nc7 6. d3 e5 7. Be3 Be7 8. Rc1 Ne6 9. Nf3 Nc6 10. Na4 Qa5+ 11. Nd2 Bd7 12. 0-0 Ncd4 13. Nc3 Bc6 14. Nc4 Qc7 15. Nd5 1-0

[Event "FICGS theme 0002 email"]
[Site "FICGS email"]
[Date "2020.03.02"]
[Round "1"]
[White "Cirulis, Ilmars"]
[Black "Aahlad, Yeturu"]
[Result "1/2-1/2"]
[WhiteElo "2202"]
[BlackElo "2220"]
[PlyCount "26"]
[EventDate "2020.??.??"]
[EventType "swiss (corr)"]
[EventRounds "1"]
[SourceTitle "Corr 2022"]
[Source "ChessBase"]
[SourceDate "2021.10.24"]
[SourceVersion "1"]
[SourceVersionDate "2021.10.24"]
[SourceQuality "1"]

1. c4 Nf6 2. Nc3 c5 3. g3 d5 4. cxd5 Nxd5 5. Bg2 Nc7 6. d3 e5 7. Qb3 Nc6 8. Bxc6+ bxc6 9. Nf3 f6 10. 0-0 Be7 11. Qa4 Rb8 12. Qxc6+ Bd7 13. Qe4 Ne6 1/2-1/2

[Event "FICGS W-ch final email"]
[Site "FICGS email"]
[Date "2019.07.04"]
[Round "1"]
[White "Aahlad, Yeturu"]
[Black "Stephen, Zack"]
[Result "1/2-1/2"]
[WhiteElo "2148"]
[BlackElo "2023"]
[PlyCount "40"]
[EventDate "2019.??.??"]
[EventType "tourn (corr)"]
[EventRounds "6"]
[EventCategory "5"]
[SourceTitle "Corr 2022"]
[Source "ChessBase"]
[SourceDate "2021.10.24"]
[SourceVersion "1"]
[SourceVersionDate "2021.10.24"]
[SourceQuality "1"]

1. e4 c5 2. Nf3 d6 3. d4 cxd4 4. Nxd4 Nf6 5. Bd3 Nc6 6. Be3 g6 7. h3 Bg7 8. c4 Ng4 9. hxg4 Bxd4 10. Bxd4 Nxd4 11. Nc3 e5 12. Nd5 Be6 13. Qd2 Bxg4 14. Qh6 Be6 15. 0-0 Bxd5 16. cxd5 f6 17. Rac1 Qd7 18. f4 Rf8 19. fxe5 dxe5 20. d6 Qxd6 1/2-1/2

[Event "FICGS W-ch st1 gN 01 email"]
[Site "FICGS email"]
[Date "2019.07.01"]
[Round "1"]
[White "Werner, Frank Karl"]
[Black "Aahlad, Yeturu"]
[Result "1-0"]
[WhiteElo "2165"]
[BlackElo "2148"]
[PlyCount "127"]
[EventDate "2019.??.??"]
[EventType "tourn (corr)"]
[EventRounds "6"]
[SourceTitle "Corr 2022"]
[Source "ChessBase"]
[SourceDate "2021.10.24"]
[SourceVersion "1"]
[SourceVersionDate "2021.10.24"]
[SourceQuality "1"]

1. d4 d5 2. Nf3 Nc6 3. c4 Bg4 4. cxd5 Bxf3 5. gxf3 Qxd5 6. e3 e6 7. a3 0-0-0 8. Nc3 Qd7 9. Bd2 Nge7 10. f4 Nd5 11. Rc1 Kb8 12. h4 f5 13. Na4 Bd6 14. Bb5 Nde7 15. b4 g6 16. Bd3 Nd5 17. Bb5 Nde7 18. Bc3 Rhg8 19. Rb1 Nd5 20. Bd2 a6 21. Bf1 b5 22. Nc5 Bxc5 23. bxc5 Ka7 24. Qb3 Rb8 25. f3 Qc8 26. Kf2 Qb7 27. Rc1 Rge8 28. Re1 Rf8 29. Be2 Nce7 30. Qa2 Nc6 31. Rc1 Rbd8 32. Rb1 Rb8 33. h5 Rg8 34. Rhg1 Rge8 35. Qb3 Rbd8 36. Qd3 Qc8 37. h6 Qb7 38. Rb3 Rg8 39. Rbb1 Rde8 40. e4 Nf6 41. a4 b4 42. d5 exd5 43. e5 Nh5 44. Qxd5 Rd8 45. Qa2 a5 46. Rh1 Nd4 47. Be3 Qc6 48. Rbd1 Nxe2 49. Qxe2 Kb7 50. Qb5+ Qxb5 51. axb5 c6 52. Rd6 cxb5 53. Rhd1 Kc7 54. e6 Rge8 55. Bc1 Rxd6 56. cxd6+ Kd8 57. Re1 Nf6 58. Bb2 Nd5 59. d7 Re7 60. Rd1 Ne3 61. Rd6 Nd1+ 62. Rxd1 Rxe6 63. Kg3 b3 64. Kh4 1-0